Hu Shihua újévi üdvözlete Kalmár Lászlóhoz

Elmentve itt :
Bibliográfiai részletek
Szerző: Hu Shihua
Dokumentumtípus: Kézirat
Megjelent: 1960-12-31
Kulcsszavak:Levelezés - Hu Shihua - Kalmár László
Online Access:http://misc.bibl.u-szeged.hu/57298
LEADER 00598ntm a2200169 i 4500
001 misc57298
005 20200928090512.0
008 200925s1960 hu o 0|| chi d
040 |a SZTE Miscellanea Repozitórium  |b hun 
041 |a chi 
100 1 |a Hu Shihua 
245 1 0 |a Hu Shihua újévi üdvözlete Kalmár Lászlóhoz  |h [elektronikus dokumentum] /  |c  Hu Shihua 
260 |c 1960-12-31 
300 |a 1 fol.  |c 11 x 34 cm 
561 |a Kalmár László kínai hagyaték 
695 |a Levelezés - Hu Shihua - Kalmár László 
856 4 0 |u http://misc.bibl.u-szeged.hu/57298/1/kalmar_001_19.pdf  |z Dokumentum-elérés